Vista normal Vista MARC

Entrada Materia (personas)

Número de registros utilizados en: 1

001 - CONTROL NUMBER

  • control field: 92945

003 - CONTROL NUMBER IDENTIFIER

  • control field: Co-BoUCM

005 - DATE AND TIME OF LATEST TRANSACTION

  • control field: 20180625142748.0

008 - FIXED-LENGTH DATA ELEMENTS

  • fixed length control field: 180625|| aca||aabn | a|a d

040 ## - CATALOGING SOURCE

  • Original cataloging agency: Co-BoUCM
  • Transcribing agency: Co-BoUCM

100 ## - HEADING--PERSONAL NAME

  • Personal name: Simmons, Michael J.

670 ## - SOURCE DATA FOUND

  • Source citation: Work cat.: (Co-BoUCM)309744: Snustad, D. Peter a 92944, Principles of genetics, 2016